000 00941nam a2200265 a 4500
001 000021541
005 20200930011347.0
008 100908s1968 sp r 000 | spa d
040 _aDO-SdBNP
_bspa
_cBNPHU
082 _a860.9
_bF363p
100 1 _aFernández de la Mora , Gonzalo
_d1924 -2002
_913656
245 1 0 _aPensamiento en español, 1966 :
_bde Marañón a López-Ibor /
_cGonzalo Fernández de la Mora.
260 _aMadrid, (España) :
_bEdiciones Rialp,
_c1968.
300 _a415 p. ;
_c19 cm.
490 1 _aBolsillo Rialp ;
_v43
500 _aIncluye referencias bibliográficas
500 _aIncluye referencias al pie de las páginas
500 _aIncluye índice onomástico
500 _aIncluye lista de obras de la colección
650 4 _aLiteratura española
_9632
650 4 _aFilosofía española
_913658
651 4 _aEspaña
_xCivilización
_914116
830 0 _aBolsillo Rialp ;
_v43
_944909
049 _aBNGR
999 _c21040
_d21040